|
|
|
|
| LEADER |
00926cam a2200241 7i4500 |
| 001 |
0000065859 |
| 005 |
20220125090000.0 |
| 020 |
|
|
|a 9781442275683 (electronic book)
|
| 090 |
0 |
0 |
|a BL65.S4
|b W57 2021
|
| 100 |
1 |
|
|a Wilcox, Melissa M
|
| 245 |
1 |
0 |
|a Queer religiosities :
|b an introduction to queer and transgender studies in religion
|c Melissa M. Wilcox.
|
| 264 |
|
|
|a Lanham, Maryland:
|b Rowman & Littlefield,
|c 2021.
|
| 300 |
|
|
|a 1 online resource:
|b text file, PDF.
|
| 336 |
|
|
|a text
|2 rdacontent
|
| 337 |
|
|
|a computer
|2 rdamedia
|
| 338 |
|
|
|a online resource
|2 rdacarrier
|
| 650 |
|
0 |
|a Gender identity --
|x Religious aspects
|
| 650 |
|
0 |
|a Queer theory
|
| 655 |
|
0 |
|a Electronic books
|
| 856 |
4 |
2 |
|u http://library.unisel.edu.my/web/guest/mylibrary
|
| 997 |
|
|
|a Education & Social Sciences, Faculty
|b Social Sciences, Department
|
| 998 |
|
|
|a Industrial Psychology, Degree
|
| 999 |
|
|
|a EBO0010498
|b EBOOK
|c EBOOK
|e Electronic resources
|